| 000 | 01072nam a2200289 4500 | ||
|---|---|---|---|
| 999 |
_c28825 _d28796 |
||
| 001 | 3145882 | ||
| 003 | EG-ScBUE | ||
| 005 | 20200926101156.0 | ||
| 008 | 730809s1972 enka f b 001 0 eng d | ||
| 020 | _a0582310121 | ||
| 040 |
_aDLC _beng _erda _cDLC _dDLC _dEG-ScBUE |
||
| 082 | 0 | 4 |
_a301.36 _bEVE _222 |
| 100 | 1 |
_aEverson, John Andrew, _eauthor. |
|
| 245 | 1 | 0 |
_aInside the city / _cJ. A. Everson, formerly Head of Geography Department, City of London School, B. P. FitzGerald, Head of Geography Department, Stonyhurst College, Lancashire. |
| 264 | 1 |
_aLondon : _bLongman Group Limited, _c1972. |
|
| 300 |
_axiv, 239 pages : _billustrations ; _c22 cm. |
||
| 336 |
_2rdacontent _atext _btxt |
||
| 337 |
_2rdamedia _aunmediated _bn |
||
| 338 |
_2rdacarrier _avolume _bnc |
||
| 350 | _a$4.50 (U.S.) | ||
| 490 | 0 |
_aConcepts in geography ; _v3 |
|
| 504 | _aIncludes bibliographical references and index. | ||
| 650 | 7 |
_aCities and towns. _2BUEsh |
|
| 700 | 1 |
_aFitzGerald, Brian Patrick, _ejoint author. |
|
| 906 |
_a7 _bcbc _corignew _d2 _encip _f19 _gy-gencatlg |
||
| 942 |
_2ddc _cBB |
||